书目信息 |
| 题名: |
环境管理
|
|
| 作者: | 于秀娟 主编 | |
| 分册: | ||
| 出版信息: | 哈尔滨 哈尔滨工业大学出版社 2002.06 |
|
| 页数: | 209页 | |
| 开本: | 26cm | |
| 丛书名: | ||
| 单 册: | ||
| 中图分类: | X32 | |
| 科图分类: | ||
| 主题词: | 环境规划 , 安全科学 , 劳动保护 , 环境管理 , 环境堡规划 | |
| 电子资源: | ||
| ISBN: | 7-5603-1722-7 | |
| 000 | 00638nam0 2200241 45 | |
| 001 | 8060878791 | |
| 005 | 1980011116543826 | |
| 010 | @a7-5603-1722-7@dRMB 18.00 | |
| 100 | @a19800111d2002 km y0chiy0120 ea | |
| 101 | 0 | @achi |
| 102 | @aCN@b230000 | |
| 200 | 1 | @a环境管理@Ahuan jing guan li@f于秀娟主编@FYu Xiu Juan Zhu Bian |
| 210 | @a哈尔滨@c哈尔滨工业大学出版社@d2002.06 | |
| 215 | @a209页@d26cm | |
| 606 | 0 | @a环境规划 |
| 606 | 0 | @a安全科学 |
| 606 | 0 | @a劳动保护 |
| 606 | 0 | @a环境管理 |
| 606 | 0 | @a环境堡规划 |
| 690 | @aX32@v3 | |
| 701 | 0 | @a于秀娟@AYu Xiu Juan@4主编 |
| 801 | 0 | @aCN@bPFT@c19800111 |
| 905 | @a10447@dX32@eY726 | |
| 环境管理/于秀娟主编.-哈尔滨:哈尔滨工业大学出版社,2002.06 |
| 209页;26cm |
| ISBN 7-5603-1722-7:RMB 18.00 |
| ● |
| 相关链接 |
|
|
|
正题名:环境管理
索取号:X32/Y726
 
预约/预借
| 序号 | 登录号 | 条形码 | 馆藏地/架位号 | 状态 | 备注 |
| 1 | 369862 | 203698622 | 自科二线504/504自科库 32排4列3层/ [索取号:X32/Y726] | 在馆 | |
| 2 | 369863 | 203698631 | 自科二线504/504自科库 32排4列3层/ [索取号:X32/Y726] | 在馆 | |
| 3 | 369864 | 203698640 | 自科二线504/504自科库 32排4列3层/ [索取号:X32/Y726] | 在馆 |